Activation of Energy. (Record no. 6236)

MARC details
000 -LEADER
fixed length control field 00575nam a2200229 a 4500
020 ## - INTERNATIONAL STANDARD BOOK NUMBER
ISBN 0152769
082 00 - DEWEY DECIMAL CLASSIFICATION NUMBER
Classification number 231
Author Cutter CHA
100 ## - MAIN ENTRY--AUTHOR NAME
Author name Chardin, Pierre Teilhard De
245 ## - TITLE STATEMENT
Title Activation of Energy.
260 ## - PUBLICATION, DISTRIBUTION, ETC. (IMPRINT)
Place of publication New York
Name of publisher Helen and Kurt Wolf Book
Year of publication 1970
300 ## - PHYSICAL DESCRIPTION
Number of Pages 416p
500 ## - GENERAL NOTE
General note includes index and biblioraphy
505 2# - FORMATTED CONTENTS NOTE
Formatted contents note Index
650 ## - SUBJECT ADDED ENTRY--TOPICAL TERM
Topical Term Philosophical-Theology
942 ## - ADDED ENTRY ELEMENTS (KOHA)
Koha item type Books
Holdings
Collection code Home library Current library Date acquired Cost, normal purchase price Full call number Accession Number Koha item type
  Henry Martyn Institute Library Henry Martyn Institute Library 12/07/2007 367.50 231 CHA 012587 Books
                   Copyright © 2026 | Henry Martyn Institute | Hyderabad | TS-500052 | INDIA | Implemented by hmi.edu.in
Hit-Count:

Powered by Koha